000 00350nam a2200169Ia 4500
100 _aLarsen/Kristine
650 _aBiography
942 _cBK
366 _f28
654 _astephen hawking
245 _aStephen Hawking:A Biography
260 _bPenram
_c2015
082 _bLAR
300 _a165
546 _aENGLISH
_cComputers
999 _c23127
_d23127